| 000 | 00379nam a22001697a 4500 | ||
|---|---|---|---|
| 003 | SGT | ||
| 020 | _a9781032204161 | ||
| 082 |
_a616.7 _bH22B |
||
| 100 | _aBAXTER, PETER.J. | ||
| 245 | _aHUNTER'S DISEASE OF OCCUPATIONS | ||
| 250 | _a10TH | ||
| 260 |
_aNEW YORK _bCRC PRESS _c2022 |
||
| 300 | _a1291 | ||
| 650 | _aDISEASE | ||
| 653 | _aOCCUPATIONS, DISEASE | ||
| 942 |
_2ddc _cBK |
||
| 999 |
_c22892 _d22892 |
||